000 00473nam a2200181Ia 4500
005 20250326142434.0
008 250326s9999 xx 000 0 und d
037 _aTextbook
040 _aFMSL
_beng
_cFMSL
041 _aeng
_2eng
084 _aB28 N2
_qFMSL
100 _aGupta S P
245 0 _aStatistical methods
_cGupta S P
260 _aNew Delhi
_bNew Delhi, S. Chand .
_c1992
300 _a15.40
942 _cTB
_hB28 N2
999 _c1295032
_d1295032